• 首页
  • 本馆介绍
  • 公告通知
  • 最新文献
  • 馆藏检索
  • 电子资源
  • 读者导购
  • 参考咨询
  • 我的图书馆
  • 登录
  • 详细信息显示
  • 放入我的书架
  • 预约/预借图书
  • 作者相关作品
  • 分类相关作品
  • 丛书相关作品
  • 出版社相关作品

书目信息

  • 表格格式
  • 工作单格式
  • 卡片格式
书名: Introduction to the health professions
作者: Peggy S. Stanfield ; with the special assistance of Y.H. Hui.
分册号:
分册名:
出版地: Boston :
 
出版社: Jones and Bartlett
出版时间: c1995.
页数: xx, 475 p. :
开本: 24 cm.
丛书名: The Jones and Bartlett series in health sciences
中图分类号:
科图分类号:
其他分类号: Q1
主题词:
电子资源:
000 01434pam a2200385 a 450
001 E0760569200
005 20070505164956.84
008 940601s1995 maua b 001 0 eng c
010    @a94021055
020    @a0867209283.
035    @A(DLC) 94021055
040    @aDNLM/DLC@cDLC@dDLC
050 00 @aR690@b.M55 1995
060 10 @aW 21 S785i 1995
082 00 @a610.69@2 20
090    @aQ1
099    @dQ1@ex52=2
100 1  @aStanfield, Peggy.
245 10 @aIntroduction to the health professions / @cPeggy S. Stanfield ; with the special assistance of Y.H. Hui.
250    @a2nd ed.
260    @aBoston :@bJones and Bartlett,@cc1995.
300    @axx, 475 p. :@bill. ;@c24 cm.
440  4 @aThe Jones and Bartlett series in health sciences
504    @aIncludes bibliographical references (p. [456]-458) and index.
650  0 @aAllied health personnel@xVocational guidance.
650  2 @aCareer Choice.
650  0 @aMedicine@xVocational guidance.
650  2 @aHealth Occupations.
650  2 @aDelivery of Health Care.
700 1  @aHui, Y. H.@q(Yiu H.)
740 0  @aHealth professions.
906    @a7@bcbc@corignew@d1@eocip@f19@gy-gencatlg
955    @apc17 to NLM 06-02-94; yj08 06-03-94 to ASCD; jc02 06-06-94; jc03 06-07-94; bk rec’d jd00 01-11-95; CIP ver jd11 01-13-95
991    @bc-GenColl@hR690@i.M55 1995@p00011489138@tCopy 2@wCCF
991    @bc-GenColl@hR690@i.M55 1995@tCopy 1@wBOOKS
    
    Introduction to the health professions / / Peggy S. Stanfield ; with the special assistance of Y.H. Hui.-2nd ed.-Boston : : Jones and Bartlett, , c1995.
    xx, 475 p. : : ill. ; ; 24 cm.- (The Jones and Bartlett series in health sciences )
    Includes bibliographical references (p. [456]-458) and index.
    
    ISBN 0867209283.
    
●
相关链接 在E读中查询图书 在五车中查询图书 在当当中查询图书 在豆瓣中查询图书


正题名:Introduction to the health professions     索取号:Q1/x52=2         预约/预借

序号 登录号 条形码 馆藏地/架位号 状态 备注
1 0006578   300065783   第二样本阅览室/ [索取号:Q1/x52=2] 在馆    
2 0006579   300065792   第四借阅区/ [索取号:Q1/x52=2] 在馆    
3 0006580   300065809   第四借阅区/ [索取号:Q1/x52=2] 在馆    
唐山师范学院图书馆 欢迎您!
大连网信软件有限公司© 版权所有